Statystyki dla League of Legends - Shurima

Kliknij tutaj aby rozwiązać quiz!

Ogólne statystyki

  • Ten quiz został rozwiązany 541 razy
  • Średni wynik to 7 z 10

Statystyki odpowiedzi

Odpowiedź% Poprawnych
Azir
95%
Nasus
93%
Renekton
92%
Sivir
81%
Xerath
80%
Amumu
60%
Rammus
57%
Skarner
56%
Taliyah
52%
Rengar
29%

Rozkład punktacji

Percentyl według liczby udzielonych odpowiedzi

Procent ludzi z każdym wynikiem

Twoja historia wyników

Nie rozwiązałeś tego quizu